000
00264nam a22001217a 4500
008
181122b xxu||||| |||| 00| 0 eng d
041
_a
eng
080
_a
038
100
_a
23
101
_a
FJA
245
_a
Harvard Dictionary of Music
_c
Apel,W
942
_2
udc
_c
BK
999
_c
52373
_d
52373